Ave Maria piena di rabbia /

Dalla più giovane vincitrice del campionato italiano di Poetry Slam, diventata virale con la sua voce e le sue rime. Ave Maria Piena di Rabbia raccoglie storie vere. Storie di mare, di figlie e madri, di amori perduti e voci ritrovate. Poesie che raccontano il presente come una ferita, come una feri...

Deskribapen osoa

Gorde:
Xehetasun bibliografikoak
Egile nagusia: Riggio, Gloria (Egilea)
Beste egile batzuk: Zanotto, Giulia (Ilustratzailea)
Formatua: Liburua
Hizkuntza:italiera
Argitaratua: [Padova] : BeccoGiallo, 2025
Saila:Sismografi
Etiketak: Etiketa erantsi
Etiketarik gabe, Izan zaitez lehena erregistro honi etiketa jartzen!

MARC

LEADER 00000nam a22000007i 4500
001 IT\ICCU\TO0\2161692
003 ItRI
005 20251025114408.0
008 250619s2025 it |||||| ||||| |||||c
020 |a 9788833143835 
040 |b ita  |c Arcigay Queer VdA 
041 7 |a ita  |2 ISO-639-2 
082 |a 851.92  |2 23 
100 1 |a Riggio, Gloria  |0 IT\ICCU\AGRV\004078  |4 aut 
240 1 0 |a Ave Maria piena di rabbia  |9 Riggio, Gloria 
245 1 0 |a Ave Maria piena di rabbia /  |c Gloria Riggio ; illustrazioni di Giulia Zanotto. 
260 |a [Padova] :  |b BeccoGiallo,  |c 2025 
300 |a 155 p. :  |b ill ;  |c 21 cm 
520 |a Dalla più giovane vincitrice del campionato italiano di Poetry Slam, diventata virale con la sua voce e le sue rime. Ave Maria Piena di Rabbia raccoglie storie vere. Storie di mare, di figlie e madri, di amori perduti e voci ritrovate. Poesie che raccontano il presente come una ferita, come una feritoia. Con uno stile che fonde oralità e scrittura, Gloria Riggio costruisce una lingua poetica nuova: popolare ma alta, limpida e tagliente, piena di corpo e di coraggio. In queste pagine si raccontano l’eloquenza del silenzio, una salvezza possibile, la generatività del dubbio, esistenze che fischiettano ancora, anche senza denti. Un libro che vibra, come vibra chi sa cosa vuol dire resistere. E scegliere, ancora, di dire. Con le illustrazioni di Giulia Zanotto. 
700 1 |a Zanotto, Giulia  |0 IT\ICCU\TO0V\725276  |4 ill 
830 0 |a Sismografi  |0 IT\ICCU\TO0\2161695 
942 |2 ddc  |c BK  |n 0 
952 |0 0  |1 0  |2 ddc  |4 0  |6 851_920000000000000_RIG_AVE  |7 1  |9 9840  |a AO  |b AO  |d 2025-10-25  |l 0  |o 851.92 RIG AVE  |p 11577  |r 2025-10-25 11:44:35  |w 2025-10-25  |x Di proprietà di Giulio Gasperini  |y BK 
981 1 |6 z01  |a i   |b xxxe  
982 1 |6 z01  |a n 
999 |c 8200  |d 8200